Aclaraciones a la ética del discurso

Con el presente volumen, Habermas prosigue las investigaciones acerca de: Conciencia moral y acción comunicativa, comenzadas en 1983 en el libro que lleva ese título. El trasfondo de la discusión está formado sobre todo por objeciones contra nociones universalistas de moral que se remontan a Aristót...

Descripción completa

Detalles Bibliográficos
Autor principal: Habermas, Jürgen 1929-
Formato: Libro
Lenguaje:español
Publicado: Madrid : Trotta, 2000.
Edición:Primera edición.
Materias:
Acceso en línea:

MARC

LEADER 00000nam a22000007a 4500
003 UAHC
005 20220705152724.0
008 220705s2000 sp |||| |||| 00| 0 spa d
020 |a 9788481643787 
035 |a CENTRAL 
040 |a UAHC  |c UAHC 
082 |2 20  |a 121  |b H114 
100 |9 5644  |a Habermas, Jürgen  |d 1929- 
245 |a Aclaraciones a la ética del discurso  |c Jürgen Habermas; traducción de José Mardomingo. 
250 |a Primera edición.  |b Primera reimpresión de 2018. 
260 |a Madrid :  |b Trotta,  |c 2000. 
300 |a 236 páginas. 
520 |a Con el presente volumen, Habermas prosigue las investigaciones acerca de: Conciencia moral y acción comunicativa, comenzadas en 1983 en el libro que lleva ese título. El trasfondo de la discusión está formado sobre todo por objeciones contra nociones universalistas de moral que se remontan a Aristóteles, a Hegel y al contextualismo contemporáneo. Yendo más allá de la estéril contraposición entre un universalismo abstracto y un relativismo que se contradice a sí mismo, intenta defender la primacía de lo justo entendido deontológicamente sobre lo bueno. Pero, dice Habermas, esto no significa que las cuestiones éticas en sentido estricto tengan que quedar excluidas de la discusión racional. 
650 0 |9 4532  |a Ética 
650 0 |9 223  |a Ética social 
900 |a 121 HAB 
942 |2 ddc  |c BK 
952 |0 0  |1 0  |2 ddc  |4 0  |6 121_000000000000000_HAB  |7 0  |8 COMP  |9 95411  |a BC  |b BC  |c General  |d 2022-07-05  |e Compra  |g 14588.00  |o 121 HAB  |p 1471656  |r 2026-01-07 00:00:00  |t 1  |v 14588.00  |w 2022-07-05  |x OC 2243 / Factura Liberalia Nº 64649  |y BK  |z También lo encuentras en bibliografías  |A Sustentabilidad y ética  |B TOCU  |B Kinesiología  |B Enfermería  |B Nutrición  |B ARQ 
952 |0 0  |1 0  |2 ddc  |4 0  |6 121_000000000000000_HAB  |7 0  |8 COMP  |9 95518  |a BC  |b BC  |c General  |d 2022-07-19  |e Compra  |g 14588.00  |o 121 HAB  |p 1471688  |r 2026-01-07 00:00:00  |t 2  |v 14588.00  |w 2022-07-19  |x OC 2243 / Factura Liberalia Nº 65374  |y BK  |z También lo encuentras en bibliografías  |A Sustentabilidad y ética  |B TOCU  |B Kinesiología  |B Enfermería  |B Nutrición  |B ARQ 
952 |0 0  |1 0  |2 ddc  |4 0  |6 121_000000000000000_HAB  |7 0  |8 COMP  |9 95519  |a BC  |b BC  |c General  |d 2022-07-19  |e Compra  |g 14588.00  |o 121 HAB  |p 1471689  |r 2026-01-07 00:00:00  |t 3  |v 14588.00  |w 2022-07-19  |x OC 2248 / Factura Liberalia Nº 65422  |y BK  |z También lo encuentras en bibliografías  |A Sustentabilidad y ética  |B TOCU  |B Kinesiología  |B Enfermería  |B Nutrición  |B ARQ 
952 |0 0  |1 0  |2 ddc  |4 0  |6 121_000000000000000_HAB  |7 0  |8 COMP  |9 95520  |a BC  |b BC  |c General  |d 2022-07-19  |e Compra  |g 14588.00  |o 121 HAB  |p 1471690  |r 2026-01-07 00:00:00  |t 4  |v 14588.00  |w 2022-07-19  |x OC 2248 / Factura Liberalia Nº 65422  |y BK  |z También lo encuentras en bibliografías  |A Sustentabilidad y ética  |B TOCU  |B Kinesiología  |B Enfermería  |B Nutrición  |B ARQ 
952 |0 0  |1 0  |2 ddc  |4 0  |6 121_000000000000000_HAB  |7 0  |8 COMP  |9 95521  |a BC  |b BC  |c General  |d 2022-07-19  |e Compra  |g 14588.00  |o 121 HAB  |p 1471691  |r 2026-01-07 00:00:00  |t 1  |v 14588.00  |w 2022-07-19  |x OC 2248 / Factura Liberalia Nº 65422  |y BK  |z También lo encuentras en bibliografías  |A Sustentabilidad y ética  |B TOCU  |B Kinesiología  |B Enfermería  |B Nutrición  |B ARQ 
999 |c 59453  |d 59453